| 000 | 00398nam a22001697a 4500 | ||
|---|---|---|---|
| 003 | NUST | ||
| 020 | _a978-93-80027-395 | ||
| 038 | _akhadija | ||
| 082 |
_a671.52 _bRIZ |
||
| 100 |
_a Rizvi, S. A. _986797 |
||
| 245 |
_aAdvanced Welding Technology / _cS.A.Rizvi |
||
| 260 |
_aNew Delhi : _bS. K. Kataria _c2011. |
||
| 300 | _a356 p. ; | ||
| 500 | _aPaperback. | ||
| 563 | _aPB | ||
| 942 |
_cBK _2ddc |
||
| 999 |
_c32812 _d32812 |
||